000 00260nam a2200097Ia 4500
082 _aJ|613.71|ROYS
245 0 _aWhy do I run?
100 _a Royston, Angela, , 1945- London, 2009
_965372
942 _cBK
008 210817s9999 xx 000 0 und d
999 _c208776
_d208775